[Event "GER-chT U18 Girls"]
[Site "Germany"]
[Date "2012.05.04"]
[Round "1.2"]
[White "Hoernschemeyer, Mara"]
[Black "Werner, Tanja"]
[Result "0-1"]
[WhiteElo "800"]
[BlackElo "1153"]
[PlyCount "66"]
[EventDate "2012.05.04"]
[EventType "team-swiss"]
[EventRounds "7"]
[EventCountry "GER"]
[SourceTitle "EXT 2014"]
[Source "ChessBase"]
[SourceDate "2013.11.20"]
[SourceVersion "1"]
[SourceVersionDate "2013.11.20"]
[SourceQuality "1"]
[WhiteTeam "Hamm FvSG (W)"]
[BlackTeam "Viernheim (W)"]
[WhiteTeamCountry "GER"]
[BlackTeamCountry "GER"]

1. e4 e5 2. Nf3 Nc6 3. Bc4 Nf6 4. Nc3 Bc5 5. 0-0 d6 6. d3 h6 7. h3 0-0 8. Bd2 Be6 9. Bxe6 fxe6 10. Nh4 Ne7 11. Qf3 Rf7 12. Rad1 d5 13. exd5 exd5 14. Qg3 g5 15. Nf3 e4 16. dxe4 Nxe4 17. Nxe4 dxe4 18. Ne5 Rf5 19. Ng4 Kh7 20. Be3 Bd6 21. f4 Qf8 22. Qf2 Nd5 23. g3 gxf4 24. gxf4 Nxf4 25. Qg3 Ne2+ 26. Kg2 Nxg3 27. Rf2 Rxf2+ 28. Bxf2 Nh5 29. Be3 Qf3+ 30. Kg1 Qxd1+ 31. Kf2 Rf8+ 32. Kg2 Qf3+ 33. Kg1 Qf1# 0-1